banner koha

Plantio e formação da lavoura de café (Registro n. 297013)

MARC details
000 -LÍDER
campo de controle de tamanho fixo 01342nac a22004577a 4500
001 - NÚMERO DE CONTROLE
campo de controle BR2010000731
003 - IDENTIFICADOR DO NÚMERO DE CONTROLE
campo de controle BR-BrBNA
005 - DATA E HORÁRIO DA ÚLTIMA TRANSAÇÃO
campo de controle 20240105123806.0
008 - CAMPO DE DADOS FIXOS--INFORMAÇÃO GERAL
campo de controle de tamanho fixo 230509b bl.|||m| |||| 00| 0 por d
040 ## - FONTE DA CATALOGAÇÃO
Instituição da catalogação original BR-BrBNA
Idioma da catalogação por
Instituição que transcreveu o registro Biblioteca Nacional de Agricultura
072 ## - CÓDIGO DE CATEGORIA DE ASSUNTO
Código de Categoria de Assunto F01
090 ## - NÚMERO DE CHAMADA LOCAL
Número de chamada 2120 BR2010000731
100 1# - ENTRADA PRINCIPAL--NOME PESSOAL
Nome pessoal Demoner, C.A.
100 1# - ENTRADA PRINCIPAL--NOME PESSOAL
Nome pessoal Menoli Sobrinho, N.
100 1# - ENTRADA PRINCIPAL--NOME PESSOAL
Nome pessoal Ripol, C.V.
100 1# - ENTRADA PRINCIPAL--NOME PESSOAL
Nome pessoal Trento, E.J.
100 1# - ENTRADA PRINCIPAL--NOME PESSOAL
Nome pessoal Haas, I.J.
100 1# - ENTRADA PRINCIPAL--NOME PESSOAL
Nome pessoal Molin, R.N.D.
100 1# - ENTRADA PRINCIPAL--NOME PESSOAL
Nome pessoal Vieira, K.G.
100 1# - ENTRADA PRINCIPAL--NOME PESSOAL
Nome pessoal Luz, O.O.
100 1# - ENTRADA PRINCIPAL--NOME PESSOAL
Nome pessoal Schmitt, S.H.
100 1# - ENTRADA PRINCIPAL--NOME PESSOAL
Nome pessoal Farias, J.D.A.T.
100 1# - ENTRADA PRINCIPAL--NOME PESSOAL
Nome pessoal Paschoal, J.C.
100 1# - ENTRADA PRINCIPAL--NOME PESSOAL
Nome pessoal Passos, V. de J.
100 1# - ENTRADA PRINCIPAL--NOME PESSOAL
Nome pessoal Preto, P.R.
110 1# - ENTRADA PRINCIPAL--NOME CORPORATIVO
Nome corporativo ou nome da jurisdição Instituto Paranaense de Assistência Técnica e Extensão, Curitiba (Brasil)
9 (RLIN) 6556
245 1# - TÍTULO
Título Plantio e formação da lavoura de café
260 3# - PUBLICAÇÃO, DISTRIBUIÇÃO, ETC.
Local de publicação, distribuição, etc. Curitiba, PR (Brasil):
Data da publicação, distribuição, etc. 2007.
300 ## - DESCRIÇÃO FÍSICA
Extensão 28 p.
490 ## - TÍTULO DA SÉRIE
Título da série Informação Técnica - Empresa Paranaense de Assistência Técnica e Extensão Rural (Brazil)
Número do volume ou designação sequencial da série no. 74
ISSN - International Standard Serial Number
500 ## - NOTA GERAL
Nota geral 15 illus; 19 ref.
650 ## - ASSUNTO--TERMO TÓPICO
Cabeçalho tópico ou nome geográfico CAFÉ
650 ## - ASSUNTO--TERMO TÓPICO
Cabeçalho tópico ou nome geográfico CAFEICULTURA
650 ## - ASSUNTO--TERMO TÓPICO
Cabeçalho tópico ou nome geográfico PLANTIO
650 ## - ASSUNTO--TERMO TÓPICO
Cabeçalho tópico ou nome geográfico LAVOURA
650 ## - ASSUNTO--TERMO TÓPICO
Cabeçalho tópico ou nome geográfico MANEJO DO SOLO
650 ## - ASSUNTO--TERMO TÓPICO
Cabeçalho tópico ou nome geográfico PRODUÇÃO
650 ## - ASSUNTO--TERMO TÓPICO
Cabeçalho tópico ou nome geográfico PRODUTIVIDADE
909 ## -
-- 202312
-- Lúcia Elande
-- 55
-- Lúcia Elande
942 ## - ELEMENTOS DE ENTRADA ADICIONADOS (KOHA)
Fonte da classificação ou esquema de arquivamento na estante Classificação AGRIS
Ocultar no OPAC Não
Tipo de material Koha Monografia Seriada
Exemplares
Situação do descarte Fonte da classificação ou esquema de arquivamento na estante Situação física Não pode ser emprestado Coleção Biblioteca de origem Biblioteca atual Localização na estante Total de empréstimos Número de telefone completo Código de barras Data de último acesso Tipo de material Koha Fonte de aquisição
  Classificação AGRIS       Biblioteca Nacional de Agricultura - Binagri Biblioteca Nacional de Agricultura - Binagri Agrobase - Acervo Geral   2120 BR2010000731 2120 BR2010000731 18/12/2023 Monografia Seriada Portaria Interministerial nº 164/94

BINAGRI

Telefone: (61)3218-2567/2388/3357/2097 - binagri@agro.gov.br

Ministério da Agricultura e Pecuária , Esplanada dos Ministérios, Bloco D, Anexo B, Brasília/DF, CEP: 70.043-900